00752 2200241 4500001002100000005001700021008004100038035002400079082001100103090002200114100001200136245014400148260002900292300004100321500003000362500003300392650002000425850002100445980001400466985000600480986000900486999001500495YOGYA-0209000004367420090227030150.0 ind  0010-020900000043674 a333.91 a333.91bMar SlSK aMARYATA aStudi potensi air tanah bebas dengan pendekatan unit bentuk lahan di das Kedunggedang Keamatan Nglipar Kabupaten Gunung Kidulcoleh Maryata aYogyakartab[s.n.]c1995 axii, 148, [L.32] lembarbilusc29 cm aSkripsi Fak. Geografi UGM aBibliografi : lembar 143-148 aAir bawah tanah aYOPDYOG [TRM 29] a18-9-2007 a1 aRuni a07A0026378